Science Quiz

Random Science Quiz

Forms of Precipitation Quiz Stats

 Plays Quiz not verified by Sporcle

Support Sporcle.
Go Orange.
Score 0/7 Timer 02:00
0 Plays Today
Form of Precipitation % Correct
rain
100%
snow
97.7%
hail
95.3%
sleet
93%
freezing rain
76.7%
ice
53.5%
drizzle
44.2%

You're not logged in!

Compare scores with friends on all Sporcle quizzes.
OR
Log In

From the Vault

Actors by Same First Letter Movies III

by ghcgh

"I won't even consider the script if the movie doesn't start with 'M'."
Remove Ads.
Support Sporcle.
Get the best of Sporcle when you Go Orange. This ad-free experience offers more features, more stats, and more fun while also helping to support Sporcle. Thank you for becoming a member.

Show Comments

Extras

Created Mar 11, 2012ReportNominate
Tags:form, precipitation

Top Quizzes Today


Score Distribution

Your Account Isn't Verified!

In order to create a playlist on Sporcle, you need to verify the email address you used during registration. Go to your Sporcle Settings to finish the process.

Report this User

Report this user for behavior that violates our Community Guidelines.

Details: